000 00522nam a2200193Ia 4500
008 230921s9999||||xx |||||||||||||| ||und||
020 _a978-94-6209-500-7
022 _a2214-9740
041 _aEN
100 _aConrad P Pritscher
245 0 _aSkin Color
250 _a2014
260 _c2014
_bSensePublishers
300 _b100
440 _aTransgressions
856 _uhttps://doi.org/10.1007/978-94-6209-500-7
856 _uhttps://link.springer.com/openurl?genre=book&isbn=978-94-6209-500-7
942 _cEB
999 _c278671
_d278671